00722cam a22002057a 4500003000500000005001700005008004100022010001000063011001000073035001100083040000900094100003300103245014100136260004300277300001900320502009500339650001700434650003300451650003200484CHAP20220817043958.0110105d2004 mx a r 00110 spa d a89253 a90225 a100781 cCHAP00aValencia Luna, Luis Alberto.10aEstudio taxonómico de la familia Chrysopidae (insecta : Neuroptera) en el estado de Morelos, Méxicoc/por Luis Alberto Valencia Luna aMontecillo, Méx. :bEl autor,c2004. a79 h. :bilus. aTesis (M. C.) - - C. P. Instituto de Fitosanidad. Programa en Entomología y Acarología14aChrysopidae.14aEntomología sistemática.14aInsectosxIdentificación.